Sports Quiz

Random Sports or NHL Quiz

TSN top 50 NHL Players 2014-2015 Quiz Stats

Quiz not verified by Sporcle

Challenge
Share
Tweet
Embed
Score 0/50 Timer 06:00
0 Plays Today
Team Name % Correct
PIT CSidney Crosby
99.4%
CHI CJonathan Toews
97.2%
TBL C/RWSteven Stamkos
97%
CHI RWPatrick Kane
96.4%
PIT CEvgeni Malkin
95.6%
WSH LWAlex Ovechkin
95%
ANA CRyan Getzlaf
94.5%
ANA RWCorey Perry
92.8%
NYI CJohn Tavares
92.6%
LAK CAnze Kopitar
92.3%
BOS DZdeno Chara
92%
MTL DP.K. Subban
91.4%
NSH DShea Weber
91.1%
LAK GJonathan Quick
90.8%
LAK DDrew Doughty
90.5%
DAL LWJamie Benn
90.1%
PHI CClaude Giroux
90%
DAL CTyler Seguin
89.8%
BOS CPatrice Bergeron
89.5%
CHI DDuncan Keith
89.4%
MTL GCarey Price
88.7%
DET CPavel Datsyuk
87.3%
NYR GHenrik Lundqvist
87.2%
DET C/LWHenrik Zetterberg
87.2%
MIN LWZach Parise
84.8%
Team Name % Correct
BOS GTuukka Rask
84.7%
OTT DErik Karlsson
84.5%
MIN DRyan Suter
82.3%
EDM LWTaylor Hall
81.7%
TOR RWPhil Kessel
81.2%
WSH CNicklas Backstrom
80.4%
CHI RWMarian Hossa
80.3%
SJS CJoe Thornton
80.3%
COL CMatt Duchene
78.7%
CAR CEric Staal
77.2%
SJS C/RWJoe Pavelski
75.3%
CHI LWPatrick Sharp
74%
LAK CJeff Carter
71.5%
SJS CLogan Couture
67.6%
COL C/RWNathan MacKinnon
67.4%
BOS LW Milan Lucic
67.1%
COL LWGabriel Landeskog
66.7%
STL DAlex Pietrangelo
66.4%
NYI RWKyle Okposo
66.4%
COL GSemyon Varlamov
66.2%
BOS CDavid Krejci
66%
NYR DRyan McDonagh
64.9%
ARI DOliver Ekman-Larsson
61.5%
CBJ CRyan Johansen
59.6%
STL LWAlex Steen
56.3%

You're not logged in!

Compare scores with friends on all Sporcle quizzes.
Sign Up with Email
OR
Log In

You Might Also Like...

Show Comments

Extras

Top Quizzes Today


Score Distribution

Your Account Isn't Verified!

In order to create a playlist on Sporcle, you need to verify the email address you used during registration. Go to your Sporcle Settings to finish the process.